书目信息 |
| 题名: |
时尚编绳技法
|
|
| 作者: | 孙霖 , 刘梅 编著 | |
| 分册: | ||
| 出版信息: | 北京 中国轻工业出版社 2018 |
|
| 页数: | 203页 | |
| 开本: | 21cm | |
| 丛书名: | ||
| 单 册: | ||
| 中图分类: | TS935.5 | |
| 科图分类: | ||
| 主题词: | 绳结--手工艺品--制作 | |
| 电子资源: | ||
| ISBN: | 978-7-5184-2027-8 | |
| 000 | 00783nam0 2200253 450 | |
| 001 | 012001003415 | |
| 005 | 20140130145603.0 | |
| 010 | @a978-7-5184-2027-8@dCNY39.80 | |
| 100 | @a20181114d2018 em y0chiy50 ea | |
| 101 | 0 | @achi |
| 102 | @aCN@b110000 | |
| 105 | @aa z 000yy | |
| 106 | @ar | |
| 200 | 1 | @a时尚编绳技法@9shi shang bian sheng ji fa@e视频跟学版@f孙霖,刘梅编著 |
| 210 | @a北京@c中国轻工业出版社@d2018 | |
| 215 | @a203页@c彩图@d21cm | |
| 300 | @a一学就会手作系列 | |
| 330 | @a本书是一本好学又好看的编绳技法图解书,共包含27种基本绳结编法、43款时尚手绳案例。 | |
| 606 | 0 | @a绳结@x手工艺品@x制作 |
| 690 | @aTS935.5@v5 | |
| 701 | 0 | @a孙霖@9sun lin@4编著 |
| 701 | 0 | @a刘梅@9liu mei@4编著 |
| 801 | 0 | @aCN@b北京卓展@c20191020 |
| 905 | @b1211556-9@dTS935.5@e68@f4 | |
| 时尚编绳技法:视频跟学版/孙霖,刘梅编著.-北京:中国轻工业出版社,2018 |
| 203页:彩图;21cm |
| 一学就会手作系列 |
| ISBN 978-7-5184-2027-8:CNY39.80 |
| 本书是一本好学又好看的编绳技法图解书,共包含27种基本绳结编法、43款时尚手绳案例。 |
| ● |
| 相关链接 |
|
|
|
|
正题名:时尚编绳技法
索取号:TS935.5/68
 
预约/预借
| 序号 | 登录号 | 条形码 | 馆藏地/架位号 | 状态 | 备注 |
| 1 | 1211556 | 212115566 | 第二样本阅览室/ [索取号:TS935.5/68] | 在馆 | |
| 2 | 1211557 | 212115575 | 第三借阅区/ [索取号:TS935.5/68] | 在馆 | |
| 3 | 1211558 | 212115584 | 第三借阅区/ [索取号:TS935.5/68] | 在馆 | |
| 4 | 1211559 | 212115593 | 第三借阅区/ [索取号:TS935.5/68] | 在馆 |